Clint Eastwood Movies - Sudden Death - Statistics

General Stats
  • This quiz has been taken 485 times
  • The average score is 10 of 20
Answers on the Grid
Answers color-coded by a green-red scale on the quiz's grid according to % correct below.
The Good, the Bad and the Ugly
Dirty Harry
Escape from Alcatraz
Once Upon a Time in the West
No Country for Old Men
The Beguiled
Tombstone
High Noon
Tightrope
Hang 'Em High
Stagecoach
The Magnificent Seven
Gran Torino
Spartan
Thunderbolt and Lightfoot
Dallas Buyers Club
Shane
A Fistful of Dollars
The Lincoln Lawyer
Space Cowboys
Interstellar
High Plains Drifter
Midnight in Paris
The Outlaw Josey Wales
Manhattan
Where Eagles Dare
Red River
Unforgiven
Million Dollar Baby
Django
Annie Hall
The Bridges of Madison County
Pale Rider
The Saint
Shanghai Knights
In the Line of Fire
The Darjeeling Limited
Tequila Sunrise
Coogan's Bluff
For a Few Dollars More
 
Answer Stats
Answer % Correct
The Good, the Bad and the Ugly
89%
Dirty Harry
77%
Gran Torino
70%
For a Few Dollars More
69%
Million Dollar Baby
67%
A Fistful of Dollars
66%
Escape from Alcatraz
63%
Unforgiven
61%
The Bridges of Madison County
48%
The Outlaw Josey Wales
47%
Hang 'Em High
46%
Pale Rider
45%
In the Line of Fire
44%
High Plains Drifter
43%
Space Cowboys
39%
Where Eagles Dare
37%
Thunderbolt and Lightfoot
32%
Coogan's Bluff
27%
The Beguiled
24%
Tightrope
20%
No matching quizzes found
Score Distribution
Percent of People with Each Score
Percentile by Number Answered
Your Score History
You have not taken this quiz